000 00677nam a2200277 a 4500
003 AR-BaBNM
005 20251128210906.0
008 082120s2002 ||||||||||||||000 | spa||
040 _cAR-BaBNM
100 1 _aGogol, Nikolai Vasilievich
245 0 0 _aCuentos
250 _a1ยช ed.
260 _aBuenos Aires
_bEdiciones Corregidor
_c1986
300 _a246 p.
490 0 _aRelieves
650 4 _aCUENTOS
650 4 _aLITERATURA RUSA
650 4 _aANTOLOGIAS
650 4 _aSIGLO DIECINUEVE
653 _aNARRATIVA
655 _aLITERATURA
700 1 _aSaderman, Nina
_etraductor
700 1 _aSaderman, Anatole
_etraductor
942 _cBK
998 _cMARTIN
999 _c17323
_d17323